000 00494nam a2200193Ia 4500
008 151119s9999||||xx |||||||||||||| ||und||
082 _a928.9146
082 _bGKKV8163
100 _aसवाखंडे द शि
245 _aमरणकळा
260 _a--
260 _b--
260 _c1993
600 _aसवाखंडे द शि
630 _aमरणकळा
700 _aसवाखंडे द शि
730 _aमरणकळा
942 _cBOOK
999 _c1062677
_d1062674